000 00637nam a22002417a 4500
003 UA-OsUOA
001 125609
007 ta
008 20170921b un ||||| |||| 00| 0 ukr d
100 _aТракль Г.
090 _a821.161.2
_bТ65
942 _cBK
040 _aUA-OsUOA
_bukr
_cUA-OsUOA
_dUA-OsUOA
245 _aТвори
_cПередм.Т.Гавриліва
300 _a303 с.
955 _a3
041 _aukr
080 _a821.161.2
020 _a966-537-030-8
260 _aЛьвів
_bПросвіта
_c1997
650 7 _a82 Література. Літературознавство
_2UDC
999 _c412853
_d412853